<?xml version="1.0" encoding="UTF-8"?>
<collection xmlns="http://www.loc.gov/MARC21/slim">
 <record>
  <leader>     na                 </leader>
  <controlfield tag="001">INLIS000000000008993</controlfield>
  <controlfield tag="005">20221101085706</controlfield>
  <datafield tag="035" ind1=" " ind2=" ">
   <subfield code="a">0010-0520008993</subfield>
  </datafield>
  <controlfield tag="008">221101                |          | ind  </controlfield>
  <datafield tag="020" ind1=" " ind2=" ">
   <subfield code="a">9789791210096</subfield>
  </datafield>
  <datafield tag="041" ind1=" " ind2=" ">
   <subfield code="a">ind</subfield>
  </datafield>
  <datafield tag="082" ind1=" " ind2=" ">
   <subfield code="a">342.02</subfield>
  </datafield>
  <datafield tag="084" ind1=" " ind2=" ">
   <subfield code="a">342.02 AHM b</subfield>
  </datafield>
  <datafield tag="100" ind1="0" ind2=" ">
   <subfield code="a">Ahmad Fadlil Sumadi</subfield>
  </datafield>
  <datafield tag="245" ind1="1" ind2=" ">
   <subfield code="a">Bunga rampai Mahkamah Konstitusi dan demokrasi /</subfield>
   <subfield code="c">Ahmad Fadlil Sumadi</subfield>
  </datafield>
  <datafield tag="260" ind1=" " ind2=" ">
   <subfield code="a">Jakarta :</subfield>
   <subfield code="b">Konstitusi Press,</subfield>
   <subfield code="c">2011</subfield>
  </datafield>
  <datafield tag="300" ind1=" " ind2=" ">
   <subfield code="a">x, 136 hlm.; 20,5 cm ;</subfield>
   <subfield code="c">20,5 cm</subfield>
  </datafield>
  <datafield tag="500" ind1=" " ind2=" ">
   <subfield code="a">Indeks : hlm. 133-134</subfield>
  </datafield>
  <datafield tag="520" ind1=" " ind2=" ">
   <subfield code="a">Buku yang ditulis oleh Hakim Konstitusi Ahmad Fadlil Sumadi ini merupakan kumpulan tulisan yang disampaikan pada berbagai forum seminar ataupun ceramah, baik yang diselenggarakan oleh Mahkamah Konstitusi maupun perguruan tinggi. Dari sejumlah tulisannya dapat dilihat bahwa fokus bahasan beliau, meski didominasi tentang Mahkamah Konstitusi dengan segala aspeknya, juga membahas beberapa hal yang bersifat konseptual dan kekinian. Salah satunya, dia bicara tentang peran Nahdlatul Ulama dalam konteks penguatan civil society di Indonesia. Tentu saja, tebaran pemikirannya yang telah dikompilasikan ke dalam buku ini, menggambarkan tentang gairah dan semangat membangun Indonesia negara hukum demokratis berlandaskan prinsip-prinsip konstitusionalisme. Isu-isu yang dikupas pun selalu dikaitkan dengan konstitusi, yakni Undang-Undang Dasar 1945, dan keberadaan Mahkamah Konstitusi sebagai lembaga penjaga konstitusi (the guardian of constitution). Bahkan tak hanya itu, beliau juga berbicara tentang relasi MK dengan keadilan masyarakat ini. Oleh karena itulah, dalam rangka upaya menyebarluaskan gagasan dan pemikiran tentang Konstitusi kepada khalayak luas, maka Konstitusi Press memandang perlu untuk menerbitkannya. Diharapkan pula, penyebarluasan buku ini akan meningkatkan pemahaman serta kesadaran akan pentingnya kontitusionalisme dan peran Mahkamah Konstitusi dalam kehidupan berbangsa dan bernegara di negeri yang kita cintai ini.</subfield>
  </datafield>
  <datafield tag="650" ind1=" " ind2="4">
   <subfield code="a">Constitutional Court-Indonesia</subfield>
  </datafield>
  <datafield tag="650" ind1=" " ind2="4">
   <subfield code="a">Constitutional Law</subfield>
  </datafield>
  <datafield tag="650" ind1=" " ind2="4">
   <subfield code="a">Democracy</subfield>
  </datafield>
  <datafield tag="990" ind1=" " ind2=" ">
   <subfield code="a">22793/MKRI-P/VIII-2013</subfield>
  </datafield>
  <datafield tag="990" ind1=" " ind2=" ">
   <subfield code="a">22792/MKRI-P/VIII-2013</subfield>
  </datafield>
  <datafield tag="990" ind1=" " ind2=" ">
   <subfield code="a">22791/MKRI-P/VIII-2013</subfield>
  </datafield>
  <datafield tag="990" ind1=" " ind2=" ">
   <subfield code="a">22788/MKRI-P/VIII-2013</subfield>
  </datafield>
  <datafield tag="990" ind1=" " ind2=" ">
   <subfield code="a">22787/MKRI-P/XI-2011</subfield>
  </datafield>
  <datafield tag="990" ind1=" " ind2=" ">
   <subfield code="a">22790/MKRI-P/VIII-2013</subfield>
  </datafield>
  <datafield tag="990" ind1=" " ind2=" ">
   <subfield code="a">22778/MKRI-P/VIII-2013</subfield>
  </datafield>
  <datafield tag="990" ind1=" " ind2=" ">
   <subfield code="a">22789/MKRI-P/VIII-2013</subfield>
  </datafield>
  <datafield tag="990" ind1=" " ind2=" ">
   <subfield code="a">24748/MKRI-P/VIII-2016</subfield>
  </datafield>
 </record>
</collection>
